Organizace a řízení ve službách a cestovním ruchu

Enregistré dans:
Détails bibliographiques
Auteur principal: Polák, Jiří
Collectivité auteur: Vysoká škola ekonomická v Praze. Obchodní fakulta
Format: Livre
Langue:tchèque
Publié: Praha Státní pedagogické nakladatelství 1988
Édition:1. vyd.
Tags: Ajouter un tag
Pas de tags, Soyez le premier à ajouter un tag!

MARC

LEADER 00000nam a2200000 4500
001 c032145
005 20221219085453.0
041 0 |a cze 
044 |a CZ 
245 1 0 |a Organizace a řízení ve službách a cestovním ruchu  |c Jiří Polák 
250 |a 1. vyd. 
264 1 |a Praha  |b Státní pedagogické nakladatelství  |c 1988 
300 |a 135 s. 
100 1 |a Polák, Jiří 
710 2 |a Vysoká škola ekonomická v Praze. Obchodní fakulta